| 000 | 01216nam a2200337 c 4500 | ||
|---|---|---|---|
| 003 | BLK | ||
| 005 | 20230925114055.0 | ||
| 008 | 180408b bul|||||r ||||||| ||bul|| | ||
| 010 | _aKNG00049635000 | ||
| 020 |
_a954-9415-03-1 _bиздат.: Водолей |
||
| 040 | _aBLK | ||
| 041 |
_aBUL _cBUL |
||
| 080 |
_aБългарска литература _b821.163.2 _x-312.4 _z821.163.2-312.4 |
||
| 100 | 1 |
_aХристозов, Петър _eпърви автор _9251078 |
|
| 700 | 1 |
_aВълчев, Христо Димитров _e* _9366782 |
|
| 139 |
_aХристозов, Петър _bХ 82 |
||
| 245 | 1 | 0 |
_aГолемият малък човек _bРоман _cПетър Христозов; * Христо Димитров Вълчев. |
| 257 | _aBGR | ||
| 260 |
_аСофия _bВодолей _c2005 |
||
| 300 |
_a200 с. _c20 см |
||
| 380 | _aX | ||
| 500 | _aПетър Христозов - псевд. на Христо Вълчев. - Офс. изд. | ||
| 653 | _aтрилъри | ||
| 653 | _aромани | ||
| 852 | _aЦб 223478 | ||
| 856 | 4 |
_qpdf _u |
|
| 856 | 4 |
_qpdf _u |
|
| 942 |
_cKNG _n0 _03 |
||
| 944 |
_aCR _c25.04.2005 _k30530 _lМинев Младен |
||
| 944 |
_aED _c09.06.2006 _k |
||
| 999 |
_c45835 _d45835 |
||